Pintores y escultores de chile

Uloženo v:
Podrobná bibliografie
Korporativní autor: Asociación chilena de pintores y escultores (Autor)
Médium: Kniha
Jazyk:španělština
Vydáno: Santiago Universitaria 1963
Témata:
Tagy: Přidat tag
Žádné tagy, Buďte první, kdo vytvoří štítek k tomuto záznamu!

MARC

LEADER 00000nam a2200000 a 4500
001 UCH7051
003 CL-VaPUC
008 091109e19630000CL |||||||||||||||||spa|d
082 0 4 |a 759.983  |b ASO  |2 21 
110 2 |a Asociación chilena de pintores y escultores  |e author  |9 543530 
245 1 0 |a Pintores y escultores de chile 
300 |a 161 p 
942 |c BK 
945 |d 20091109 00:00:00  |a ccalabra 
260 |a Santiago  |b Universitaria  |c 1963 
650 7 |a ESCULTORES CHILENOS  |2 CL-VaPUC  |9 464635 
650 0 |a Pintores chilenos  |9 345328 
650 0 |a Artes plásticas  |9 268637 
650 0 |a Pinturas  |9 347968 
650 0 |a Esculturas  |9 344688 
650 0 |a Arte  |9 265238 
651 7 |a CHILE  |2 CL-VaPUC  |9 543531 
583 |a last modification  |c 20091109 00:00:00  |k Rodrigo Vera 
999 |c 337801  |d 337799